| 000 | 00713cam a22002177 4500 | ||
|---|---|---|---|
| 001 | tmp82078825 | ||
| 003 | DLC | ||
| 005 | 20260227112752.0 | ||
| 008 | 921116s1878 xx 000 0 eng | ||
| 010 | _atmp82078825 | ||
| 040 |
_aDLC _cDLC _dDLC |
||
| 050 | 0 | 0 |
_aBV2123 _b.H3 |
| 051 |
_aYA 9656 _cAnother copy. |
||
| 100 | 1 |
_aHale, Charles R. _q(Charles Reuben), _d1837-1900. |
|
| 245 | 0 | 4 | _aThe orthodox missionary society of Russia. |
| 260 |
_a[n.p.] _c1878. |
||
| 300 |
_a1 v. _c8⁰ |
||
| 530 | _aAlso available in digital form on the Internet Archive Web site. | ||
| 710 | 2 |
_aYA Pamphlet Collection (Library of Congress) _5DLC [from old catalog] |
|
| 856 | 4 | 1 | _uhttp://hdl.loc.gov/loc.gdc/scd0001.00146681013 |
| 999 |
_c91003 _d91003 |
||